000 00429nam a2200169Ia 4500
003 GCL
008 140319s9999 xx 000 0 ara d
040 _aGCL /
_cGCL
082 0 4 _a813.03
_bس و
100 1 _aسلوى بكر
245 1 0 _aوصف الليل : (رواية) /
_cسلوى بكر
300 _a157 ص
490 _a
650 0 4 _aالادب العربى
650 0 4 _aالقصص العربية
942 _2ddc
_cBK
999 _c44470
_d44470